000 00349nam a22001577a 4500
003 OSt
005 20240118143028.0
008 180428b xxu||||| |||| 00| 0 eng d
020 _a8172247133
040 _cSEROSOFT
100 _aTRACY BRAIN
245 _aEFFECTIVE LEADERSHIP
260 _aMUMBAI
_bJAICO
_c2017
300 _a73
942 _2ddc
_c06
999 _c44049
_d44049